| 000 | 02157nam a2200445 a 4500 | ||
|---|---|---|---|
| 001 | ebr10495370 | ||
| 003 | CaPaEBR | ||
| 006 | m u | ||
| 007 | cr cn||||||||| | ||
| 008 | 070511s2007 kyuacf sb 001 0beng d | ||
| 010 | _z 2007019777 | ||
| 020 | _z0813124530 (acid-free paper) | ||
| 020 | _z9780813124537 | ||
| 020 | _z9780813173009 (e-book) | ||
| 040 |
_aCaPaEBR _cCaPaEBR |
||
| 035 | _a(OCoLC)182624495 | ||
| 043 |
_an-us--- _an-us-ca |
||
| 050 | 1 | 4 |
_aPS3519.A89 _bZ63 2007eb |
| 082 | 0 | 4 |
_a808.2/3092 _aB _222 |
| 100 | 1 | _aCeplair, Larry. | |
| 245 | 1 | 4 |
_aThe Marxist and the movies _h[electronic resource] : _ba biography of Paul Jarrico / _cLarry Ceplair. |
| 260 |
_aLexington : _bUniversity Press of Kentucky, _cc2007. |
||
| 300 |
_axii, 327 p., [8] p. of plates : _bill., ports. |
||
| 490 | 1 | _aScreen classics | |
| 504 | _aIncludes bibliographical references (p. [255]-310) and index. | ||
| 504 | _aFilmography: p. [243]-253. | ||
| 505 | 0 | _aThe early years, 1915-36 -- Screenwriting and communism, 1936-39 -- World War II, 1939-45 -- The Cold War in Hollywood, 1945-47 -- The interregnum, 1948-50 -- The blacklist expands, 1951-52 -- Salt of the earth, 1952-54 -- The black market and Khrushchev's speech, 1954-58 -- Europe, 1958-75 -- Political battles, 1958-75 -- Back in the USA, 1975-97. | |
| 533 |
_aElectronic reproduction. _bPalo Alto, Calif. : _cebrary, _d2011. _nAvailable via World Wide Web. _nAccess may be limited to ebrary affiliated libraries. |
||
| 600 | 1 | 0 | _aJarrico, Paul. |
| 610 | 1 | 0 |
_aUnited States. _bCongress. _bHouse. _bCommittee on Un-American Activities. |
| 650 | 0 |
_aScreenwriters _zUnited States _vBiography. |
|
| 650 | 0 |
_aMotion picture industry _zUnited States. |
|
| 650 | 0 |
_aBlacklisting of entertainers _zUnited States. |
|
| 650 | 0 |
_aCommunism and motion pictures _zUnited States. |
|
| 651 | 0 |
_aHollywood (Los Angeles, Calif.) _xHistory. |
|
| 655 | 7 |
_aElectronic books. _2local |
|
| 710 | 2 | _aebrary, Inc. | |
| 830 | 0 | _aScreen classics (Lexington, Ky.) | |
| 856 | 4 | 0 |
_uhttp://site.ebrary.com/lib/rucke/Doc?id=10495370 _zAn electronic book accessible through the World Wide Web; click to view |
| 999 |
_c130555 _d130555 |
||